Pokémon - Les attaques de Taupikeau - Statistiques

Statistiques générales
  • Ce quiz a été pris 9 fois
  • Le résultat moyen est 8 sur 12
Statistiques - réponses
Niveaux Types Noms des attaques % Correct
Départ Sol Jet de Sable
100%
Niveau 4 Sol Coud'Boue
83%
Niveau 32 Ténèbres Coup Bas
83%
Départ Eau Pistolet à O
83%
Niveau 28 Sol Tunnel
83%
Niveau 20 Eau Vibraqua
83%
Niveau 40 Eau Aqua-Brèche
67%
Niveau 20 Normal Souplesse
67%
Niveau 12 Eau Aqua-Jet
50%
Niveau 36 Ténèbres Exécu-Son
50%
Niveau 24 Normal Coup d'Boule
33%
Niveau 8 Normal Ligotage
17%
Aucun quiz correspondant
Distribution des résultats
% des personnes avec chaque résultat
Percentile par nombre de réponses
Votre historique - résultats
Vous n’avez pas pris ce quiz